000 00340nam a2200145Ia 4500
003 OSt
005 20240315142459.0
008 170523s9999 xx 000 0 und d
020 _a9780199456536
040 _cIIMT UNIVERSITY MEERUT
100 _aSharma- A.
245 0 _aProfessional Communication
260 _aArihant
942 _2ddc
_c02
999 _c11602
_d11602